| 000 | 009850000a22001930004500 | ||
|---|---|---|---|
| 082 | 0 | 4 | _aG 262 M5961p |
| 100 | 1 | _aMetz, Johannes B., (Editor) | |
| 245 | 1 | 0 | _aPerspectives of a political ecclesiology / Edited by Johannes B. Metz |
| 260 | _aNew York : Herder and Herder | ||
| 300 | _a155 páginas | ||
| 501 | _aPasta dura | ||
| 505 | 0 | 0 | _aPerspectivas de la eclesiología política - La crítica fuera de la iglesia - ¿Cristianismo sin la iglesia? - El uso de la palabra "iglesia" - Ortodoxia y liberación en teología - Derechos humanos en la iglesia - Criterios para la reforma de la iglesia - Un modelo de las ciencias sociales para la consideración de la apostasía religiosa - ¿El final de la construcción de iglesias y el inicio del reforzamiento de las iglesias? |
| 650 | 1 | 4 | _aEclesiología - Políticas \ Cristianismo |
| 001 | 19198 | ||
| 942 | _cBK | ||
| 999 |
_c45569 _d45569 |
||
| 336 |
_atexto _btxt _2rdacontent |
||
| 337 |
_2rdamedia _asin mediación _bn |
||
| 338 |
_2rdacarrier _avolumen _bnc |
||